Key concepts in gender studies / (Record no. 154)
[ view plain ]
| 000 -LEADER | |
|---|---|
| fixed length control field | 00511nam a22001815i 4500 |
| 001 - CONTROL NUMBER | |
| control field | 19138004 |
| 005 - DATE AND TIME OF LATEST TRANSACTION | |
| control field | 20231205053140.0 |
| 008 - FIXED-LENGTH DATA ELEMENTS--GENERAL INFORMATION | |
| fixed length control field | 160616s2016 cau 000 0 eng |
| 020 ## - INTERNATIONAL STANDARD BOOK NUMBER | |
| ISBN | 9781446260289 (hardcover : alk. paper) |
| 020 ## - INTERNATIONAL STANDARD BOOK NUMBER | |
| ISBN | 9781446260296 (pbk. : alk. paper) |
| 040 ## - CATALOGING SOURCE (பட்டியலாக்க மூலம்) | |
| Original cataloging agency | DLC |
| Language of cataloging | eng |
| Description conventions | rda |
| Transcribing agency | DLC |
| 082 ## - DDC Classification | |
| DDC Edition Number | 22 |
| Class No. | 305.3. |
| Item Number - Author Mark | JAN. |
| 100 1# - MAIN ENTRY--PERSONAL NAME | |
| Personal name | Pilcher, Jane. |
| 245 10 - TITLE STATEMENT | |
| Title | Key concepts in gender studies / |
| Statement of responsibility, etc. | Jane Pilcher, Imelda Whelehan. |
| 250 ## - EDITION STATEMENT | |
| Edition statement | 2nd edition. |
| 300 ## - PHYSICAL DESCRIPTION | |
| Extent (e.g. Volumes, Pages etc.) | pages cm |
| 942 ## - Koha item type (Biblio) | |
| Koha item type | Books in Stacks (Lending) |
| Lost status | Damaged status | Collection code | Home library | Current library | Date acquired | Full call number | Accession Number | Item type |
|---|---|---|---|---|---|---|---|---|
| Lending | WERC Library | WERC Library | 12/05/2023 | 305.3. JAN. | 7030 | Books in Stacks (Lending) |
